Les 9 mondes de la mythologie nordique - Statistiques

Statistiques générales
  • Ce quiz a été pris 214 fois
  • Le résultat moyen est 5 sur 9
Statistiques - réponses
Mondes de la mythologie nordique % Correct
Asgard
94%
Midgard
86%
Jotunheim
68%
Helheim
58%
Niflheim
50%
Alfheim
49%
Muspelheim
46%
Vanaheim
45%
Svartalfheim (+Nidavellir)
44%
Aucun quiz correspondant
Distribution des résultats
% des personnes avec chaque résultat
Percentile par nombre de réponses
Votre historique - résultats
Vous n’avez pas pris ce quiz